| 000 | 01104nam0a2200289 4500 | ||
|---|---|---|---|
| 001 | RU\NLR\bibl\3105 | ||
| 005 | 20260406043041.0 | ||
| 010 |
_a5-85684-183-2 _910000 |
||
| 021 |
_aRU _b98-1784 _987 |
||
| 035 | _a(NLR Aleph) 000002992 | ||
| 090 |
_a5771 _c5771 |
||
| 100 | _a19980713d1997 |||y0rusy50 ca | ||
| 101 | 1 |
_arus _ceng |
|
| 102 | _aRU | ||
| 105 | _a||||||||||||| | ||
| 200 | 1 |
_aУчебник по колдовству _e[Системы колдовских ритуалов. Секреты колдовских обрядов. Колдовские рецепты] _fСкотт Каннингем _g[Пер. с англ. Евг. Махияновой] |
|
| 210 |
_aМ. _cАСТ _cАквариум _d1997 |
||
| 215 |
_a255 с. _cил. _d20 |
||
| 225 | 1 | _aЛиния судьбы | |
| 606 | 0 |
_aКолдовство _91265374 _3RU\NLR\auth\66202430 |
|
| 686 | _aЭ240.03 | ||
| 700 | 1 |
_4070 _8rus _7ca _aКаннингем _bС. _f1956-1993 _gСкотт _3RU\NLR\auth\773169 _9113175 |
|
| 801 | 0 |
_aRU _bNLR _c19980713 _gPSBO |
|
| 801 | 1 |
_aRU _bNLR _c19980713 |
|
| 852 |
_aNLR _j98-3/1338 |
||
| 942 | _cBOOK | ||
| 980 | _aNB | ||